Welcome to CU Library Online Public Access Catalogue (OPAC)

A GRAMMER OF NEW TESTAMENT GREEK (Record no. 2428)

MARC details
000 -LEADER
fixed length control field 00454nam a22001697a 4500
005 - DATE AND TIME OF LATEST TRANSACTION
control field 20241217164050.0
008 - FIXED-LENGTH DATA ELEMENTS--GENERAL INFORMATION
fixed length control field 241217b |||||||| |||| 00| 0 eng d
020 ## - INTERNATIONAL STANDARD BOOK NUMBER
International Standard Book Number 0567010120
050 ## - LIBRARY OF CONGRESS CALL NUMBER
Classification number PA 813 MOU
082 ## - DEWEY DECIMAL CLASSIFICATION NUMBER
Edition information VOL 2
100 ## - MAIN ENTRY--PERSONAL NAME
Personal name MOULTON, J. H
245 ## - TITLE STATEMENT
Title A GRAMMER OF NEW TESTAMENT GREEK
Remainder of title ACCIDENCE AND WORD-FORMATION
Statement of responsibility, etc. J. H. MOULTON
250 ## - EDITION STATEMENT
Edition statement VOL 2
260 ## - PUBLICATION, DISTRIBUTION, ETC.
Place of publication, distribution, etc. EDINBURGH
Name of publisher, distributor, etc. T&T CLARK
Date of publication, distribution, etc. c1996
300 ## - PHYSICAL DESCRIPTION
Extent ix;. 543p
942 ## - ADDED ENTRY ELEMENTS (KOHA)
Source of classification or shelving scheme Library of Congress Classification
Koha item type Books
Suppress in OPAC No
999 ## -
-- 2428
-- 2428
Holdings
Withdrawn status Lost status Source of classification or shelving scheme Damaged status Not for loan Collection Home library Current library Shelving location Date acquired Total checkouts Full call number Barcode Date last seen Copy number Price effective from Koha item type
    Library of Congress Classification     Non-fiction Undergraduate Library (Christ Temple) Undergraduate Library (Christ Temple) General stacks 12/17/2024   PA 813 MOU ulct00000689 12/17/2024 1 12/17/2024 Books
    Library of Congress Classification     Non-fiction Undergraduate Library (Christ Temple) Undergraduate Library (Christ Temple) General stacks 12/17/2024   PA 813 MOU ulct00000690 12/17/2024 2 12/17/2024 Books
© 2023-2024 Copyright: Central University Libraries. All Rights Reserved | Created by: Mahone Tech Office